| 000 | 00793nam a2200253 i 4500 | ||
|---|---|---|---|
| 001 | 000046353 | ||
| 003 | DO-SdBNP | ||
| 005 | 20250424091818.0 | ||
| 007 | ta | ||
| 008 | 150803s2008 dr 000 0 spa d | ||
| 020 | _a9789945130683 | ||
| 040 |
_aDO-SdBNP _bspa _cBNPHU _erda |
||
| 082 | 4 |
_axxxx _bxxxx _222 |
|
| 100 | 1 |
_aCabral, Manuel del, _d1907-1999 _eautor _4aut. _923556 |
|
| 245 | 1 | 3 |
_aEl presidente negro / _cManuel del Cabral ; prólogo, Tomás Castro Burdiez. |
| 250 | _aTercera edición | ||
| 264 |
_aSanto Domingo : _bMediabyte, _c2008. |
||
| 300 |
_a258 páginas ; _c20 cm. |
||
| 336 |
_atexto _btxt _2rdacontent |
||
| 337 |
_asin mediación _bn _2rdamedia |
||
| 338 |
_avolumen _bnc _2rdacarrier |
||
| 700 | 1 |
_aCastro, Tomás, _d1959- _eprologuista _924641 _4pr. |
|
| 942 |
_2ddc _cLBS1 |
||
| 999 |
_c45842 _d45842 |
||